00483nam a2200109Ia 4500008004100000100002200041245015600063260003300219300001700252650001900269856008500288160712s9999 xx 000 0 und d aGuan, Yeoh Seng . cYeoh Seng GuanaJulius J. Bautista (2010). Figuring Catholicism: An ethnohistory of the Santo Niño de Cebu. Quezon City: Ateneo de Manila University. c2011bSocial Science Diliman avol. 7 no. 2 xSOCIAL SCIENCE uhttp://journals.upd.edu.ph/index.php/socialsciencediliman/issue/view/309/showToc